BIBLIOTHÈQUE DE LA MAISON DU MEXIQUE

Logo 1 Logo 2

La obra de Joaquín Arcadio Pagaza ante la crítica (notice nᵒ 2454)

détails MARC
000 -Sello discográfico
campo de control de longitud fija 00959nam a2200301 4500
005 - Identificación de versión
campo de control 20251016083320.0
010 ## - Número Estándar Internacional de Libros (ISBN)
Número (ISBN) 968-840-375-X
035 ## - Otros números de control del sistema
Número de control del sistema 23301
099 ## - fechas locales
Tipo de ítem Koha LIBRO
100 ## - Datos de procesamiento general
Datos de procesamiento general 19980107d1987 m y1spay5003 ba
105 ## - Campo de datos codificados: Material textual, monográfico
Datos codificados de monografía y 001zy
200 1# - Título y mención de responsabilidad
Título propio La obra de Joaquín Arcadio Pagaza ante la crítica
Designación general del material texto impreso
Primer mención de responsabilidad Compilación Sergio López Mena
205 ## - Declaración de edición
Declaración de edición 1a ed
210 ## - Publicación, distribución, etc.
Lugar de publicación, distribución, etc. México
Nombre del editor, distribuidor, etc. Universidad Autónoma Metropolitana, Unidad Azcapotzalco
Fecha de publicación, distribución, etc. 1987
215 ## - Descripción física
Designación de material específico y extensión del ítem 341 p
Dimensiones 21 cm
345 ## - Nota de información de adquisición
Fuente de adquisición/dirección de la suscripción [OBSOLETO] Donación
410 #1 - Series
Título Serie Humanidades
600 ## - Nombre personal usado como materia
Elemento de entrada Pagaza y Ordoñez
Parte del nombre distinta del elemento de entrada Joaquín Arcadio
Fechas 1839-1918
Adiciones al nombre que no sean fechas Ob. de Veracruz
Subdivisión temática Crítica e interpretación
Número Koha 5655
660 ## - Código de área geográfica
Código MX
702 ## - Nombre personal - Responsabilidad secundaria
Elemento de entrada López Mena
Parte del nombre distinta del elemento de entrada Sergio
Fechas 1951-
Número Koha 3391
801 #0 - Fuente de origen
Agencia cm
900 ## -
-- 1/15271
900 ## -
-- 710986838\\070198
942 ## - ELEMENTOS DE ENTRADA SECUNDARIOS (KOHA)
Tipo de ítem Koha Livre
996 ## -
-- MEX
-- 751145101
-- MMAG
-- 009780
-- 861.4 P131OB
-- 20240226LIV
Exemplaires
Estatus retirado Estado de daño Estado de pérdida Fecha de adquisición Biblioteca de origen Biblioteca actual Ubicación en estantería Código de barras Precio de reemplazo Signatura topográfica completa No para préstamo Tipo de ítem Koha Nota pública Nota no pública
      05/08/2025 Casa México Paris Casa México Paris   009780 05/08/2025 861.4 P131OB   Livre 20240226LIV 751145101